Responses for Show #2020 - Friday, May 21, 1993

Contestants

[<< previous game]

Ira Schwartz, a physician from Decatur, Georgia

Bronwyn Noble, a technical specialist from Madison, Wisconsin

Sue Agos, a senior personnel specialist from Angola, New York

[next game >>]

Jeopardy! Round responses

MEXICO
TV TRIVIA
MONEY SUPERSTITIONS
BUGS
MEDALS & DECORATIONS
PROVERBS
    $100 17
Acapulco

Ira
    $100 7
Bonanza

Ira
    $100 22
a wallet

Ira
    $100 2
a centipede

Bronwyn
    $100 12
China

Bronwyn
    $100 1
waits

Ira
    $200 18
beer

Bronwyn
    $200 8
The Fall Guy

Sue
    $200 23
itches

Sue
    $200 3
crickets

Sue
    $500 13
(Bronwyn: What is the Olympic gold medal?)
(Alex: No, sorry. You realize now--)
(Bronwyn: What is Seoul, Korea?)
(Alex: No, no, you would have been incorrect there also. It was August of 1992; the Summer Games were held in Spain.)

Spain

Bronwyn
    $200 24
(Bronwyn: What is stolen?)

forbidden

SueBronwyn
    $300 19
the Baja

Ira
    $300 9
Bob

Bronwyn
    $300 28
a shoe

Bronwyn
    $300 4
a tick

Bronwyn
    $300 14
the Congressional Medal of Honor

Ira
    $300 25
bedfellows

Ira
    $400 20
Maximilian

Ira
    $400 10
Carolyn Jones

Sue
    $400 29
(Bronwyn: What is a star?)

the Moon

SueBronwyn
    $400 5
a grasshopper

Bronwyn
    $400 15
Turkey

Bronwyn
    $400 26
Valentine's Day

Ira
    $500 21
Guadalupe

Sue
    $500 11
(Ira: What's Happy Days?)

The Dick Van Dyke Show

BronwynIra
    $500 30
the year of your birth

Bronwyn
    $500 6
(Ira: What's a black widow spider?)
(Sue: What's a brown fiddler spider?)

the brown recluse spider

SueIra
Triple Stumper
    $500 16
Portugal

Ira
    $500 27
lovable

Triple Stumper

Scores at the first commercial break (after clue 13):

Sue Bronwyn Ira
$300 $1,200 -$800

Scores at the end of the Jeopardy! Round:

Sue Bronwyn Ira
$1,600 $2,000 $1,600

Double Jeopardy! Round responses

WORLD HISTORY
MYTHOLOGY
U.S. STATES
PIRATES
SCIENCE
COMPOSERS
    $200 2
Winston Churchill

Ira
    $200 1
the Argo

Ira
    $200 21
Arizona

Ira
    $200 11
pirate flags (or the jolly roger)

Ira
    $200 16
a meteor

Sue
    $200 26
Tchaikovsky

Bronwyn
    $400 3
Simón Bolívar

Sue
    $400 4
Atlas

Bronwyn
    $400 22
Tennessee

Ira
    $400 12
Madagascar

Sue
    $400 17
(Sue: What are the Santa Ana winds?)

the Chinooks

SueBronwyn
    $400 27
Sousa

Sue
    $600 6
Louis XVI

Ira
    $600 5
Cerberus

Ira
    $600 23
Alaska

Ira
    $600 13
the cutlass

Sue
    $1,000 18
(Bronwyn: My mind's blank.)
(Alex: Say something.)
(Bronwyn: What is a vessel?)
(Alex: Nope, if you think of the Latin for body, corpus, [*].)

a corpuscle

Bronwyn
    $600 28
Ravel

Ira
    $800 7
(Valentina) Tereshkova

Ira
    $800 9
(Ira: Who is Vestia?)

Vesta

BronwynIra
    $800 24
Georgia

Ira
    $800 14
the Spanish Main

Triple Stumper
    $800 19
(Ira: Who is Carpenter?)

Gus Grissom

BronwynIra
    $800 29
Haydn

Triple Stumper
    $1000 8
the Franco-Prussian War

Bronwyn
    $1000 10
Athena

Bronwyn
    $1,500 25
Vermont

Ira
    $1000 15
the Barbary pirates

Sue
    $1000 20
neutrons

Bronwyn
    $1000 30
Rimsky-Korsakov

Sue

Scores at the end of the Double Jeopardy! Round:

Sue Bronwyn Ira
$5,200 $6,600 $6,700

[wagering suggestions for these scores]

Final Jeopardy! Round responses

POETRY
SueWho is Emily Dickinson?
$4,000
BronwynWho is Dorothy Parker
$6,599
IraWho is Dickenson?
$6,500
Emily Dickinson

Final scores:

Sue Bronwyn Ira
$9,200 $1 $13,200
2nd place: a trip to Mexico City 3rd place: an office refrigerator New champion: $13,200

Game dynamics:

Coryat scores:

Sue Bronwyn Ira
$5,200 $8,100 $6,200
14 R,
2 W
18 R,
4 W
(including 2 DDs)
22 R
(including 1 DD),
4 W

Combined Coryat: $19,500

[game clues] [game scores] [suggest correction]

Game tape date: 1993-01-11
The J! Archive is created by fans, for fans. Scraping, republication, monetization, and malicious use prohibited; this site may use cookies and collect identifying information. See terms. The Jeopardy! game show and all elements thereof, including but not limited to copyright and trademark thereto, are the property of Jeopardy Productions, Inc. and are protected under law. This website is not affiliated with, sponsored by, or operated by Jeopardy Productions, Inc. Join the discussion at JBoard.tv.